| 000 -Etiqueta do registo | |
|---|---|
| campo de controlo de comprimento fixo | 009870000a22002770004500 |
| 001 - Identificador do registo | |
| Campo de controlo | 52528 |
| 010 ## - ISBN | |
| Número (ISBN) | 978-972-21-1069-3 |
| 021 ## - Nº depósito legal | |
| Código do país | Portugal |
| Número | 103509/96 |
| 100 ## - Dados Gerais de Proc. | |
| Dados gerais de processamento | 20180105d2018 k y0pory5003 ba |
| 101 0# - Língua da publicação | |
| Língua do texto, banda sonora, etc. | Português |
| 102 ## - País de Publicação | |
| País de publicação | Portugal |
| 200 1# - Título | |
| Título próprio | O sapo apaixonado |
| Primeira menção de responsabilidade | Max Velthuijs |
| Outras menções de responsabilidade | trad. José Oliveira |
| 210 ## - Publicação, Distribuição | |
| Lugar da edição, distribuição, etc. | Alfragide |
| Nome do editor, distribuidor, etc. | Caminho |
| Data da publicação, distribuição, etc. | 2015 |
| 215 ## - Descrição física | |
| Descrição física | [25] p. |
| Outras indicações físicas | muito il. |
| 304 ## - Título e responsabilidade | |
| Texto da nota | Título original: Frog in love |
| 606 ## - Nome comum | |
| Elemento de entrada | Literatura infantojuvenil |
| Subdivisão de assunto | Conto |
| 675 ## - CDU | |
| Notação | 821.112.5-34 |
| Edição | BN |
| Língua da edição | Português |
| 675 ## - CDU | |
| Notação | 087.5-053.4 |
| Edição | BN |
| Língua da edição | Português |
| 700 #1 - Responsabilidade principal | |
| Palavra de ordem | Velthuijs |
| Outra parte do nome | Max |
| Datas | 1923-2005 |
| 702 #1 - Responsabilidade secundária | |
| Koha Internal Code | 34565 |
| Código de função | Tradutor |
| Palavra de ordem | Oliveira |
| Outra parte do nome | José |
| 801 ## - Fonte de origem | |
| País | Portugal |
| Data da última transacção | 20180105 |
| 856 ## - Localização e acesso electrónico | |
| URL | <a href="https://en.wikipedia.org/wiki/Max_Velthuijs">https://en.wikipedia.org/wiki/Max_Velthuijs</a> |
| Nota para informação ao público | mais informação |
| 859 ## - Imagem da capa | |
| Uniform Resource Location (URL) | https://img.wook.pt/images/o-sapo-apaixonado-max-velthuijs/MXw1ODg4Nnw4ODk1M3wxMzgzNTIzMjAwMDAw/250x |
| Nota informativa | capa |
| 090 ## - Números de controlo do sistema (Koha) | |
| Número biblioitem do Koha (gerado automaticamente) | 52528 |
| 942 ## - Elementos de entrada adicionados (Koha) | |
| Tipo de item no Koha | Monografias |
| Suprimido | Disponível no OPAC |
| 999 ## - Campo local | |
| Campo local | 52528 |
| -- | Bibliobase - BEBDPPC |
| -- | 2019-01-21 |
| Perdido (estado) | Data de aquisição | Origem do registo (biblioteca) (codificado) | Código da organização que empresta ou é detentora (biblioteca) | Código de barras | Cota | Tipo de circulação (não pode ser emprestado) | Tipo de item e material |
|---|---|---|---|---|---|---|---|
| Disponível | 2018-01-05 | Biblioteca EB23 D. Paio Peres Correia | Biblioteca EB23 D. Paio Peres Correia | BEBDPPC8472 | 82.03-34 VEL | Normal | Monografias |